[Event "Michigan Novice"]
[Site "Auburn Hills, MI"]
[Date "2002.04.27"]
[Round "3.4"]
[White "Stapel, Scott"]
[Black "Williams, Marcus"]
[Result "0-1"]
[WhiteElo "975"]
[BlackElo "894"]
[PlyCount "40"]
[EventDate "2002.04.26"]

1. e4 c5 2. Nc3 d6 3. Bb5+ Bd7 4. Bc4 e6 5. Nf3 Qc7 6. O-O Nf6 7. a3 a6 8. Re1
Nc6 9. d3 b5 10. Ba2 Be7 11. d4 cxd4 12. Nxd4 e5 13. Nf5 Bxf5 14. exf5 Nd4 15.
Bg5 Nxf5 16. Bxf6 Bxf6 17. Nd5 Qd8 18. Qd3 Nd4 19. Qxd4 O-O 20. Nxf6+ Qxf6 0-1

[Event "Michigan Class A"]
[Site "Auburn Hills, MI"]
[Date "2002.04.27"]
[Round "2.14"]
[White "Skidmore, Mike"]
[Black "Forte, Joe"]
[Result "1-0"]
[WhiteElo "1828"]
[BlackElo "1903"]
[PlyCount "51"]
[EventDate "2002.04.26"]

1. e4 c5 2. Nf3 Nc6 3. Bb5 g6 4. O-O Bg7 5. c3 Qb6 6. Qe2 Nf6 7. Bxc6 bxc6 8.
d4 Ba6 9. c4 cxd4 10. b3 Nxe4 11. Qxe4 d3 12. Ba3 e6 13. Ne5 d5 14. Qf4 f6 15.
Nxd3 e5 16. Qg4 Bc8 17. Qg3 dxc4 18. bxc4 c5 19. Bxc5 Qc7 20. Nc3 Bf5 21. Nb5
Qd7 22. Nd6+ Kd8 23. Nxf5 Qxf5 24. Rad1 Kc7 25. Nb4 Rhd8 26. Nd5+ 1-0

[Event "Michigan Class A"]
[Site "Auburn Hills, MI"]
[Date "2002.04.27"]
[Round "2.12"]
[White "Skidmore, Jennifer"]
[Black "Vandivier, Don"]
[Result "0-1"]
[WhiteElo "1832"]
[BlackElo "1924"]
[Annotator "Don Vandivier"]
[PlyCount "98"]
[EventDate "2002.04.26"]

{Sicilian: Closed (Zukertort)} 1. e4 c5 2. Nc3 Nc6 3. f4 e6 4. Nf3 a6 5. g3 d5
6. e5 ({Book is} 6. d3) 6... d4 7. Ne4 f5 8. Nf2 Nge7 9. Bg2 Nd5 10. O-O Be7
11. a3 O-O 12. Qe2 Rb8 13. c4 dxc3 14. dxc3 Na5 15. Bd2 Nb3 16. Rad1 b5 17. Be3
Qc7 18. Nd2 Nxd2 19. Rxd2 Nxe3 20. Qxe3 c4 21. Qe2 a5 22. g4 $2 Bb7 23. gxf5
Rxf5 24. Ne4 (24. Bh3 $2 Qc6 $1 25. Qg4 Bc5 26. Qg2 Qxg2+ 27. Bxg2 Bxg2 28.
Kxg2 Rxf4) 24... Bc5+ 25. Kh1 Rbf8 {White is having problems with her exposed
king because of the move 22.g4?} 26. Nxc5 {Practically forced} (26. Qg4 $2 Be3)
26... Bxg2+ 27. Qxg2 Qxc5 28. Qg3 g6 $1 {Now both pawns are weak. Black
threatens ...Rxe5} 29. Rf3 Qc6 $1 {One of the pawns is going to fall!} 30. Kg2
$2 {Now White loses more than a pawn.} Rxf4 31. Rdf2 Qe4 $1 32. h3 R8f5 {
DIAGRAM W hite is in Zugzwang! Black can win more than all the queen-side
pawns by playing ...Kg7 and then ...h6 and there is no escape.} 33. b3 cxb3 34.
a4 bxa4 35. c4 Rxf3 36. Rxf3 Qxf3+ 37. Qxf3 Rxf3 38. Kxf3 b2 39. c5 b1=Q 40. c6
Qc2 41. c7 Qxc7 42. h4 Qxe5 43. h5 a3 44. hxg6 hxg6 45. Kg4 a2 46. Kf3 a1=Q 47.
Kf2 Qae1+ 48. Kg2 Qf4 49. Kh3 Qh1# 0-1

[Event "Michigan Class A"]
[Site "Auburn Hills, MI"]
[Date "2002.04.27"]
[Round "1.13"]
[White "Skidmore, Jennifer"]
[Black "Kriseler, Mark"]
[Result "1-0"]
[WhiteElo "1832"]
[BlackElo "1921"]
[PlyCount "53"]
[EventDate "2002.04.26"]

1. e4 e6 2. d4 b6 3. f4 Bb7 4. Bd3 f5 5. Qe2 Nf6 6. exf5 Nc6 7. Nf3 Qe7 8. fxe6
O-O-O 9. exd7+ Qxd7 10. c3 Re8 11. Ne5 Nxd4 12. cxd4 Qxd4 13. Be3 Bb4+ 14. Kf1
Qd5 15. Nd2 Rhf8 16. Ndf3 Nh5 17. Bc4 Qe4 18. Bd3 Qd5 19. Rd1 Qxa2 20. Qc2 Nxf4
21. Bxf4 Rxf4 22. Bf5+ Kb8 23. Nc6+ Bxc6 24. Qxc6 Qf7 25. Bd3 Re6 26. Ba6 Rxf3+
27. Qxf3 1-0

[Event "Michigan Class B"]
[Site "Auburn Hills, MI"]
[Date "2002.04.27"]
[Round "1.12"]
[White "Sims, Chris"]
[Black "Avery, Bill"]
[Result "1-0"]
[WhiteElo "1647"]
[BlackElo "1686"]
[PlyCount "97"]
[EventDate "2002.04.26"]

1. e4 e6 2. d4 d5 3. Nd2 dxe4 4. Nxe4 Nd7 5. Nf3 Ngf6 6. Bd3 Be7 7. O-O Nxe4 8.
Bxe4 Nf6 9. Bd3 O-O 10. c3 c5 11. dxc5 Bxc5 12. Qc2 h6 13. Bf4 Bd7 14. Rad1 Qb6
15. Ne5 Bb5 16. c4 Bc6 17. h3 a5 18. Qe2 a4 19. Ng4 Bd4 20. Nxf6+ Bxf6 21. Qh5
Qxb2 22. Bxh6 Qe5 23. Qg4 Ra5 24. Bd2 Raa8 25. Rfe1 Qd6 26. Bf4 Qc5 27. Bd6 Qg5
28. Qxg5 Bxg5 29. Bxf8 Kxf8 30. Be4 Bxe4 31. Rxe4 Rc8 32. Rd7 f5 33. Rxe6 Rxc4
34. Rxb7 Bf4 35. g3 Bg5 36. Ra6 Be7 37. Raa7 Re4 38. Kf1 a3 39. Rxe7 Rxe7 40.
Rxa3 Kf7 41. Re3 Ra7 42. a3 Kf6 43. Ke2 g5 44. Kf3 Ra4 45. Rb3 g4+ 46. hxg4
fxg4+ 47. Ke3 Kf5 48. f3 gxf3 49. Kxf3 {Scoresheet does not make sense after
this point.} 1-0

[Event "Michigan Class C"]
[Site "Auburn Hills, MI"]
[Date "2002.04.27"]
[Round "3.2"]
[White "Saylor, Oliver"]
[Black "Haney, Mark"]
[Result "0-1"]
[WhiteElo "1421"]
[BlackElo "1448"]
[Annotator "Jeff Aldrich"]
[PlyCount "34"]
[EventDate "2002.04.26"]

{Italian: Pianissimo} 1. e4 e5 2. Nf3 Nc6 3. Bc4 Bc5 4. d3 Nf6 5. O-O O-O 6.
Nc3 d6 7. Bg5 Be6 8. Bd5 h6 9. Bxe6 {This trade-off only helps Black. White
already wasted a move to put the bishop on d5. The double pawns are not a
liability and actually strengthen the center. This also gives Black the
half-open f-file for his rook.} fxe6 10. Bh4 a6 {Creating a hole for the
bishop to keep pressure on the f-pawn.} 11. Kh1 Qe8 12. Nd2 Qg6 13. f3 Nh5 14.
Ne2 Nd4 15. Bf2 $2 ({White would be much better of with} 15. Nxd4 {when black
doesn't have much of an attack to speak of. Any ...Nf4 ideas can be easily
defended with g3.}) 15... Nxe2 16. Bxc5 $2 {Setting up a pretty mate. DIAGRAM
Find the shot for Black.} Nhg3+ $1 17. hxg3 Qh5# 0-1

[Event "Michigan Class C"]
[Site "Auburn Hills, MI"]
[Date "2002.04.27"]
[Round "2.13"]
[White "Saylor, Oliver"]
[Black "Foord, Larry"]
[Result "1-0"]
[WhiteElo "1421"]
[BlackElo "1506"]
[PlyCount "125"]
[EventDate "2002.04.26"]

1. e4 e5 2. Nf3 Nc6 3. Bc4 Be7 4. Nc3 Nf6 5. d3 h6 6. O-O O-O 7. Nd5 Bc5 8. Be3
Bxe3 9. Nxe3 d6 10. c3 a6 11. Bb3 Bd7 12. Qe2 Re8 13. Nd5 Na5 14. Bc2 b6 15.
Nxf6+ Qxf6 16. Qd2 Bg4 17. Ne1 Qg6 18. b4 Nc6 19. Bb3 Ne7 20. f4 exf4 21. Qxf4
Rf8 22. Nc2 Rae8 23. Ne3 Be6 24. Bc2 Qh5 25. Bd1 Qe5 26. Qxe5 dxe5 27. a3 Rd8
28. Be2 Ng6 29. Rfd1 Nf4 30. Bf1 Rd6 31. d4 exd4 32. cxd4 b5 33. a4 c6 34. axb5
axb5 35. g3 Nh3+ 36. Bxh3 Bxh3 37. e5 Rd7 38. Rac1 Rfd8 39. Rxc6 Rxd4 40. Rd6
Rxd1+ 41. Rxd1 Rxd1+ 42. Nxd1 Kf8 43. Kf2 Ke7 44. Ke3 Ke6 45. Kd4 h5 46. Nc3
Bf1 47. h4 g6 48. Nd5 Bc4 49. Ne3 Be2 50. Nd5 Bf1 51. Nc7+ Kf5 52. Kc5 Kxe5 53.
Nxb5 f5 54. Nd6 f4 55. Nc4+ Kf5 56. gxf4 Kxf4 57. b5 Kg4 58. Ne3+ Kxh4 59. Nxf1
g5 60. b6 g4 61. b7 g3 62. b8=Q g2 63. Qg3# 1-0

[Event "Michigan Masters/Experts"]
[Site "Auburn Hills, MI"]
[Date "2002.04.27"]
[Round "3.2"]
[White "Rogers, Bradley"]
[Black "O'Donnell, Robert"]
[Result "1/2-1/2"]
[WhiteElo "2009"]
[BlackElo "2176"]
[PlyCount "51"]
[EventDate "2002.04.26"]

1. d4 Nf6 2. Nf3 e6 3. g3 b6 4. Bg2 Bb7 5. O-O Be7 6. b3 O-O 7. Bb2 d6 8. c4
Nbd7 9. Nc3 Ne4 10. Qd3 Nxc3 11. Bxc3 f5 12. e3 Be4 13. Qd2 Bf6 14. Rac1 Qe7
15. Rfd1 Rae8 16. Ne1 Bxg2 17. Nxg2 e5 18. Qc2 e4 19. Nf4 c6 20. d5 c5 21. a3
Bxc3 22. Qxc3 Ne5 23. h4 Rf6 24. Kg2 a5 25. Rh1 Rc8 26. Rcd1 1/2-1/2

[Event "Michigan Masters/Experts"]
[Site "Auburn Hills, MI"]
[Date "2002.04.27"]
[Round "2.1"]
[White "Rogers, Bradley"]
[Black "Mazuchowski, Tom"]
[Result "1/2-1/2"]
[WhiteElo "2009"]
[BlackElo "2029"]
[PlyCount "45"]
[EventDate "2002.04.26"]

1. d4 Nf6 2. Nf3 g6 3. g3 Bg7 4. Bg2 O-O 5. O-O d5 6. b3 c6 7. Bb2 Bf5 8. Nbd2
Ne4 9. Nh4 Nxd2 10. Qxd2 Bd7 11. c4 e6 12. Nf3 f6 13. Rfe1 Be8 14. e4 Bf7 15.
Rad1 Re8 16. e5 f5 17. Bc1 h6 18. h4 Kh7 19. Bf1 Rh8 20. Bd3 Bf8 21. Kg2 Kg7
22. Rh1 Be7 23. Bb1 1/2-1/2

[Event "Michigan Class A"]
[Site "Auburn Hills, MI"]
[Date "2002.04.27"]
[Round "2.11"]
[White "Randall, Paul"]
[Black "Aldrich, Jeff"]
[Result "1-0"]
[WhiteElo "1984"]
[BlackElo "1908"]
[Annotator "Jeff Aldrich"]
[PlyCount "39"]
[EventDate "2002.04.26"]

{Semi-Slav: Stoltz} 1. d4 d5 2. c4 c6 3. e3 Nf6 4. Nc3 e6 5. Nf3 Nbd7 6. Qc2
Be7 7. g4 $5 {DIAGRAM I had never seen this move before, but it is not a new
idea. I took a long think and decided on what I thought was the lesser evil.}
Nxg4 $6 ({The more common response is} 7... dxc4 8. Bxc4 {opening a hole on d5
for the knight.}) 8. Rg1 Nh6 $2 ({This square is too weak to support the
knight. A better idea is} 8... Ngf6 9. Rxg7 Bf8) 9. cxd5 exd5 10. Rxg7 Nf8 11.
e4 dxe4 12. Bxh6 exf3 13. Bc4 Be6 14. d5 cxd5 15. O-O-O Ng6 $4 ({The losing
move. Black is still in the game after} 15... Bf6 {Now, Black gets buried in
an avalanche of tactics.}) 16. Bb5+ Bd7 17. Rxd5 Nf8 18. Qf5 Bf6 19. Re5+ Ne6
20. Rxe6+ $1 {Mate is inevitable.} 1-0

[Event "Michigan Class D/E"]
[Site "Auburn Hills, MI"]
[Date "2002.04.27"]
[Round "2.3"]
[White "Poniatowski, Don"]
[Black "Waltz, Glenn"]
[Result "1/2-1/2"]
[WhiteElo "1272"]
[BlackElo "1316"]
[PlyCount "83"]
[EventDate "2002.04.26"]

1. e4 g6 2. d4 Bg7 3. Nc3 Nc6 4. Nf3 d6 5. Be2 e5 6. dxe5 Nxe5 7. Nxe5 Bxe5 8.
Bd2 c6 9. Bg4 Qf6 10. Bxc8 Rxc8 11. Qe2 Ne7 12. Qf3 Qg7 13. Bf4 O-O 14. Bxe5
dxe5 15. O-O-O Rcd8 16. Kb1 Rd4 17. Ne2 Rxd1+ 18. Rxd1 f5 19. Qb3+ Qf7 20.
Qxf7+ Rxf7 21. Nc3 fxe4 22. Nxe4 Nd5 23. c4 Nb6 24. b3 Kg7 25. Kc2 h6 26. Rd2
Rd7 27. Rd6 Kf7 28. Kd3 Ke7 29. Rxd7+ Nxd7 30. a3 b6 31. Ke3 Ke6 32. f4 exf4+
33. Kxf4 g5+ 34. Ke3 Ke5 35. g4 c5 36. Nc3 Nf6 37. h3 a6 38. b4 cxb4 39. axb4
h5 40. gxh5 Nxh5 41. Ne2 Ng7 42. Nd4 1/2-1/2

[Event "Michigan Masters/Experts"]
[Site "Auburn Hills, MI"]
[Date "2002.04.27"]
[Round "2.12"]
[White "O'Donnell, Robert"]
[Black "Calton, Bill"]
[Result "1/2-1/2"]
[WhiteElo "2176"]
[BlackElo "2209"]
[PlyCount "76"]
[EventDate "2002.04.26"]

1. d4 d5 2. c4 Nc6 3. Nc3 Nf6 4. Nf3 Bf5 5. Bg5 dxc4 6. e3 h6 7. Bh4 e6 8. Bxc4
Be7 9. O-O O-O 10. h3 a6 11. Rc1 Rc8 12. a3 Bg6 13. Ne2 Bd6 14. Bxa6 bxa6 15.
Rxc6 Qd7 16. Rc1 Qb5 17. b4 Ne4 18. Nd2 Nxd2 19. Qxd2 a5 20. Bg3 axb4 21. Bxd6
cxd6 22. axb4 Rb8 23. Nf4 Bf5 24. g4 Be4 25. f3 Bh7 26. Rc7 Qxb4 27. Qxb4 Rxb4
28. Ra1 g5 29. Nh5 Bg6 30. Ng3 Rb3 31. Nf1 Rfb8 32. Ra2 Rb1 33. Kf2 Bd3 34. Nd2
Rh1 35. e4 Bb1 36. Raa7 Rb2 37. Rxf7 Rxd2+ 38. Ke3 Rc2 1/2-1/2

[Event "Michigan Class A"]
[Site "Auburn Hills, MI"]
[Date "2002.04.27"]
[Round "3.3"]
[White "Nikolovski, Oliver"]
[Black "Manion, Tom"]
[Result "1-0"]
[WhiteElo "1881"]
[BlackElo "1837"]
[PlyCount "109"]
[EventDate "2002.04.26"]

1. Nf3 b5 2. g3 Bb7 3. Bg2 Nf6 4. d4 g6 5. O-O Bg7 6. a4 b4 7. c3 bxc3 8. Nxc3
Na6 9. b4 O-O 10. b5 Nb4 11. Rb1 Nbd5 12. Nxd5 Bxd5 13. Ne5 Bxg2 14. Kxg2 Rb8
15. Ba3 Ne4 16. Qd3 Nd6 17. f3 f6 18. Bxd6 cxd6 19. Nc4 d5 20. Nd2 Rf7 21. Nb3
d6 22. Rfc1 e6 23. Rc6 f5 24. f4 e5 25. dxe5 dxe5 26. fxe5 Bxe5 27. Rd1 f4 28.
g4 f3+ 29. exf3 Qh4 30. Rh1 d4 31. Nd2 Qg5 32. Ne4 Qf4 33. g5 Kg7 34. Nf6 Qxg5+
35. Ng4 Rb6 36. h4 Qf4 37. Nxe5 Qxe5 38. Rxb6 axb6 39. Rd1 Qf4 40. Qxd4+ Qxd4
41. Rxd4 h6 42. Kg3 Rc7 43. Kf4 Rc5 44. Ke4 Kf7 45. Kd3 Rc1 46. Rd7+ Ke6 47.
Rb7 Rd1+ 48. Ke4 Rd6 49. f4 Kf6 50. Rc7 Re6+ 51. Kd5 Re1 52. Rc6+ Kf5 53. Rxb6
Re4 54. Rf6+ Kxf6 55. Kxe4 1-0

[Event "Michigan Class B"]
[Site "Auburn Hills, MI"]
[Date "2002.04.27"]
[Round "3.2"]
[White "Nicolli, Randy"]
[Black "Matias, I.C."]
[Result "0-1"]
[WhiteElo "1686"]
[BlackElo "1666"]
[Annotator "Jeff Aldrich"]
[PlyCount "72"]
[EventDate "2002.04.26"]

{Bird: Dutch (Lasker)} 1. f4 d5 2. Nf3 Nf6 3. e3 c5 4. g3 Nc6 5. Bg2 Bg4 6. O-O
e6 7. d3 Bd6 8. Nbd2 O-O 9. a3 ({Stopping the knight entry into b4 and setting
up his next move. A better idea might be} 9. b3 {followed by Bb2 to fight for
control of the dark squares. With the text, it takes way too long to activate
the bishop.}) 9... Qc7 10. Qe1 e5 11. fxe5 Nxe5 12. e4 Rfe8 {Indirectly
pinning the pawn to the queen.} 13. Nxe5 Bxe5 14. Nf3 Bxf3 15. Bxf3 dxe4 16.
dxe4 Rad8 {White's slow development and weak e-pawn give Black a solid
advantage.} 17. c3 Rd3 18. Bg5 c4 19. Bxf6 {Hoping for an opposite color
bishop endgame. But, with the major pieces still on the board, this gives
Black unopposed control of the dark squares.} Bxf6 20. Rd1 Qb6+ 21. Kh1 Qxb2
22. Rxd3 cxd3 23. Qe3 Qxc3 24. Qxa7 d2 25. Bd1 Qd3 26. Rf3 Qxe4 27. Kg2 {
DIAGRAM} Qe2+ $1 {Removing the only defender that prevents the pawn from
queening. Black wins the bishop and brings home the point.} 28. Bxe2 Rxe2+ 29.
Kh3 d1=Q 30. Qb8+ Qd8 31. Qxb7 h6 32. a4 Rd2 33. Rf5 Qd7 34. Qa8+ Kh7 35. g4
Qd6 36. Qh1 Be5 0-1

[Event "Michigan Class B"]
[Site "Auburn Hills, MI"]
[Date "2002.04.27"]
[Round "1.11"]
[White "Nicolli, Randy"]
[Black "Hershberger, Kent"]
[Result "1-0"]
[WhiteElo "1686"]
[BlackElo "1664"]
[PlyCount "81"]
[EventDate "2002.04.26"]

1. f4 e6 2. Nf3 d5 3. e3 Nf6 4. g3 Be7 5. Bg2 Nc6 6. O-O O-O 7. d3 Bc5 8. Qe2
Ne7 9. Nc3 Nf5 10. Na4 Bd6 11. e4 Bd7 12. exf5 Bxa4 13. fxe6 Re8 14. exf7+ Kxf7
15. Ne5+ Kf8 16. c3 Bb5 17. Bd2 Kg8 18. a4 Bc6 19. d4 Rb8 20. b4 Nd7 21. Qh5
Nxe5 22. fxe5 Bf8 23. b5 Bd7 24. Bxd5+ Be6 25. Bxe6+ Rxe6 26. Qf7+ Kh8 27. Qxe6
Be7 28. Rf7 Bg5 29. Rd7 Qe8 30. Qxe8+ Rxe8 31. Bxg5 h6 32. Be7 Kg8 33. Rf1 Kh7
34. Rf7 Kh8 35. Ba3 Rg8 36. Bc1 Rc8 37. Rxg7 c6 38. Rh7+ Kg8 39. Rdg7+ Kf8 40.
Bxh6 Ke8 41. Rg8# 1-0

[Event "Michigan Class C"]
[Site "Auburn Hills, MI"]
[Date "2002.04.27"]
[Round "2.14"]
[White "Mose, Greg"]
[Black "Grzegorczyk, Ron"]
[Result "0-1"]
[WhiteElo "1504"]
[BlackElo "1500"]
[PlyCount "58"]
[EventDate "2002.04.26"]

1. e4 c5 2. Nf3 Nc6 3. d4 cxd4 4. Nxd4 e5 5. Nf3 Nf6 6. Bd3 Be7 7. O-O d5 8.
Bb5 Bg4 9. exd5 Nxd5 10. Qe2 O-O 11. Rd1 Nd4 12. Qxe5 Bf6 13. Qe1 Bxf3 14. Rxd4
Bxd4 15. gxf3 Qf6 16. c3 Bb6 17. Qe4 Qg6+ 18. Qxg6 hxg6 19. c4 Nb4 20. Na3 Nd3
21. b3 Rad8 22. Be3 Bxe3 23. fxe3 a6 24. Ba4 Nb2 25. Rb1 Nxa4 26. bxa4 Rd2 27.
Rxb7 Rxa2 28. Rb3 Rd8 29. c5 Rd1# 0-1

[Event "Michigan Class C"]
[Site "Auburn Hills, MI"]
[Date "2002.04.27"]
[Round "2.1"]
[White "Moroney, Timothy"]
[Black "Moore, Martin"]
[Result "1/2-1/2"]
[WhiteElo "1560"]
[BlackElo "1579"]
[PlyCount "110"]
[EventDate "2002.04.26"]

1. e4 e6 2. d4 d5 3. Nd2 c5 4. exd5 exd5 5. Ngf3 Bg4 6. Bb5+ Nc6 7. O-O Bd6 8.
dxc5 Bxc5 9. Nb3 Bb6 10. Re1+ Nge7 11. Be3 Bxe3 12. Rxe3 O-O 13. Nbd4 a6 14.
Be2 Re8 15. c3 Qb6 16. Qc2 Ng6 17. Rd3 Rac8 18. a3 Nf4 19. Rd2 Nxe2+ 20. Nxe2
Bxf3 21. gxf3 d4 22. Rc1 dxc3 23. Qxc3 Ne7 24. Qd3 Rxc1+ 25. Nxc1 Qg6+ 26. Kf1
Qxd3+ 27. Rxd3 Ng6 28. Rd7 Re7 29. Rd8+ Nf8 30. Nd3 g6 31. Nc5 Rc7 32. b4 a5
33. Rb8 axb4 34. axb4 Kg7 35. Rxb7 Rxb7 36. Nxb7 Kf6 37. Nc5 Ke5 38. Kg2 Kd5
39. Kg3 Kc4 40. Kf4 Kxb4 41. Ne4 f5 42. Ng5 Kc4 43. Ke5 Kd3 44. Kf6 Nd7+ 45.
Kg7 Ke2 46. Kxh7 Ne5 47. f4 Ng4 48. Kxg6 Kxf2 49. Kxf5 Nxh2 50. Kg6 Ke3 51. f5
Ng4 52. Nf7 Kf4 53. Nd8 Ne5+ 54. Kf6 Nd7+ 55. Ke6 Nf8+ 1/2-1/2

[Event "Michigan Class B"]
[Site "Auburn Hills, MI"]
[Date "2002.04.27"]
[Round "3.5"]
[White "Moore, Robert"]
[Black "Sims, Chris"]
[Result "1-0"]
[WhiteElo "1600"]
[BlackElo "1647"]
[Annotator "Jeff Aldrich"]
[PlyCount "33"]
[EventDate "2002.04.26"]

{Spanish: Closed (Marshall)} 1. e4 e5 2. Nf3 Nc6 3. Bb5 a6 4. Ba4 Nf6 5. O-O b5
6. Bb3 Be7 $6 ({Book is} 6... Bb7) ({or} 6... Bc5) 7. Re1 O-O 8. c3 d5 $2 {
Black gives up a pawn for activity, but his pieces are not ready to take
advantage.} 9. exd5 Nxd5 10. Nxe5 Nxe5 11. Rxe5 Nf6 12. h3 Bd6 13. Re1 Ng4 $6 {
Desperation or optimism?} 14. Qf3 Qh4 15. d4 Nxf2 16. Qxf2 Bg3 $4 {Looks like
Black has won an exchange or... DIAGRAM Has he?} 17. Qxf7+ $1 (17. Qxf7+ Rxf7
18. Re8# {or}) (17. Qxf7+ Kh8 18. Qxf8#) 1-0

[Event "Michigan Class B"]
[Site "Auburn Hills, MI"]
[Date "2002.04.27"]
[Round "3.6"]
[White "McCarter, Robert"]
[Black "Schey, Danny"]
[Result "1-0"]
[WhiteElo "1600"]
[BlackElo "1641"]
[Annotator "Jeff Aldrich"]
[PlyCount "119"]
[EventDate "2002.04.26"]

{Irregular Indian} 1. d4 Nc6 2. Nf3 e6 3. c4 Nf6 4. Bg5 ({This unusual opening
that Black is playing is called the Black Knights Tango. He is challenging the
center with his knights rather than pawns or bishops. White's move is not bad,
but more successful moves out of this opening are} 4. a3) ({or} 4. Nc3) 4... h6
5. Bh4 Bb4+ 6. Nbd2 $6 (6. Nc3 {lends a little more support to the pinned
knight.}) 6... g5 7. Bg3 Ne4 8. e3 g4 9. a3 Ba5 10. b4 Nxb4 11. Nxe4 (11. Bh4 {
is probably a little cleaner, but a lot of the same ideas come up in the
actual game.}) 11... Nc2+ 12. Ke2 gxf3+ 13. gxf3 Nxa1 14. Qxa1 {So, Black has
an exchange, but what does he have to show for it. An undeveloped bishop, an
out-of-play bishop, and a huge hole is his king-side. In the annotating
business, we call that compensation.} d6 $6 ({Too slow.} 14... f5 15. d5 Rf8 {
is the better way to go.}) 15. d5 Kd7 $2 (15... f6 {is not pretty, but it is
not as brutal as the text.}) 16. Nf6+ Ke7 17. Bh4 {Now Black has no way to
save the queen.} e5 18. Ne4+ Kd7 19. Bxd8 Kxd8 {and White went on to win. STOP
HERE} 20. f4 Bf5 21. Ng3 Bg4+ 22. f3 Bd7 23. fxe5 Re8 24. exd6 cxd6 25. Qf6+
Kc7 26. Nf5 Bxf5 27. Qxf5 Re7 28. h4 Bb6 29. e4 Bd4 30. Bh3 f6 31. Rd1 Be5 32.
f4 Bb2 33. Rd3 Rae8 34. Bg2 Rg8 35. Kf2 Reg7 36. Bh3 Kb8 37. Qe6 Kc7 38. a4 b6
39. a5 Ba1 40. axb6+ axb6 41. Ra3 Bd4+ 42. Ke2 b5 43. cxb5 Bc5 44. Ra6 Bb6 45.
Rxb6 Kxb6 46. Qxd6+ Kxb5 47. Qxf6 Rg6 48. Qf5 Rd6 49. Qf7 Rgd8 50. Be6 Ra6 51.
Qb7+ Rb6 52. Qc7 Rdb8 53. d6 Ka5 54. Qa7+ Kb4 55. d7 Kc3 56. Qa3+ Kd4 57. Qd3+
Kc5 58. Qd5+ Kb4 59. Qd4+ Ka5 60. d8=Q 1-0

[Event "Michigan Masters/Experts"]
[Site "Auburn Hills, MI"]
[Date "2002.04.27"]
[Round "3.1"]
[White "Mazuchowski, Tom"]
[Black "Finegold, Ben"]
[Result "0-1"]
[WhiteElo "2029"]
[BlackElo "2631"]
[Annotator "Ben Finegold"]
[PlyCount "38"]
[EventDate "2002.04.26"]

{Benko} 1. g3 e5 2. e4 {An odd opening, but FM Miles Ardaman likes it!} Bc5 3.
Bg2 d6 4. Nc3 Nc6 5. Na4 {This may win the two bishops, but loses time.} Nge7 {
I thought I might play ...f5 or ...Ng6 at some point, so this seemed better
than the "normal" Nf6.} 6. Ne2 h5 {I figure a king side attack is a good idea.}
7. h3 h4 8. g4 {The idea of meeting my h5-h4 idea with h3 and g4 seems suspect.
Now I take control of the king-side.} Ng6 9. Nxc5 dxc5 10. d3 Qf6 11. c3 Qd6 $1
{I could not decide between Qf6 and Qd6, but when he played c3, I figured I
could gang up on the d3 pawn!} 12. Be3 (12. f3 Be6 13. Be3 O-O-O 14. Qc2 Qxd3
15. Qxd3 Rxd3 16. Bxc5 Rhd8 17. Ba3 Rd2 18. Kf2 Nf4 19. Bf1 Bc4) 12... Be6 13.
f3 $2 O-O-O 14. Qc2 {Letting me win the d3 pawn for my doubled c-pawn is a bad
idea and leads to a quick loss, as I have too much attack, even without queens.
} Qxd3 15. Qxd3 Rxd3 16. Bxc5 Rhd8 17. Ba3 Rd2 18. Kf2 $2 {Walking into the
pin, but white's game is too passive in any case.} Nf4 19. Bf1 Bc4 {White's
passive play led to quick defeat.} 0-1

[Event "Michigan Class B"]
[Site "Auburn Hills, MI"]
[Date "2002.04.27"]
[Round "2.2"]
[White "Matias, I.C."]
[Black "DeFrayne, Don"]
[Result "1-0"]
[WhiteElo "1666"]
[BlackElo "1731"]
[PlyCount "65"]
[EventDate "2002.04.26"]

1. e4 g6 2. d4 Bg7 3. c3 e6 4. Bd3 Ne7 5. Ne2 O-O 6. O-O b6 7. Bg5 f6 8. Be3
Bb7 9. Nd2 f5 10. Qc2 Nbc6 11. Rae1 Rf7 12. Nf3 h6 13. h4 fxe4 14. Bxe4 Nf5 15.
Nf4 Ba6 16. Bxc6 dxc6 17. Nxe6 Qf6 18. Bg5 hxg5 19. hxg5 Qe7 20. Nxg7 Bxf1 21.
Rxe7 Nxe7 22. Kxf1 Kxg7 23. Qe4 Raf8 24. Qe5+ Kg8 25. Qxc7 Nd5 26. Qxc6 Nf4 27.
Ne5 Rg7 28. Ng4 Rh7 29. Nh6+ Kh8 30. d5 Rf5 31. Qe8+ Kg7 32. Nxf5+ gxf5 33.
Qe5+ 1-0

[Event "Michigan Class B"]
[Site "Auburn Hills, MI"]
[Date "2002.04.27"]
[Round "2.4"]
[White "Loo, James"]
[Black "Moore, Robert"]
[Result "0-1"]
[WhiteElo "1630"]
[BlackElo "1600"]
[PlyCount "38"]
[EventDate "2002.04.26"]

1. c4 Nf6 2. Nc3 d6 3. e4 g6 4. f4 Bg7 5. Nf3 O-O 6. d3 Nc6 7. Be2 e5 8. g3 Nh5
9. Ng5 h6 10. Nf3 Bh3 11. Bf1 Bxf1 12. Kxf1 exf4 13. gxf4 Qd7 14. Kf2 f5 15.
exf5 Qxf5 16. Nh4 Bd4+ 17. Kg2 Nxf4+ 18. Bxf4 Qxf4 19. Qe1 Qg4+ 0-1